000 00996nam a22002297a 4500
003 OSt
005 20250911173718.0
008 240206b ||||| |||| 00| 0 eng d
040 _c0
082 _aDPer 621.381 In821 April 2022 v. 37 n. 4
100 _aLei, Jiaxing.
_eauthor.
_951565
245 _aAccurate modeling of PLL with frequency-adaptive prefilter:
_bon the positive feedback effect /
_cJiaxing Lei, Xiangjun Quan, Shang Feng, Jianfeng Zhao, and Wu Chen.
260 _aNew York ;
_bThe Institute of Electrical and Electronics Engineers, Inc. ,
_cApril 2022.
300 _aVolume 37, pages 3747-3752 :
_billustration ;
_c28 cm.
500 _aIEEE Transactions on Power Electronics, vol. 37, no. 4, pages 3747-3752, April 2022.
700 _aLei, Jiaxing.
_eauthor.
_951565
700 _aQuan, Xiangjun.
_eauthor.Shang Feng,
_951566
700 _aFeng, Shang.
_eauthor.
_951567
700 _aZhao, Jianfeng.
_eauthor.
_951568
700 _aChen, Wu.
_eauthor.
_951569
942 _2ddc
_cPER
999 _c18944
_d18944